000 00836nmm a2200265 a 4500
001 ocm000884628
003 TR-IsHL
005 20201028144331.0
008 141121s2002 tu tur
007 cr cn
020 _a9789758460403
035 _a884628
_b(N$T)
050 0 4 _aPL248.E98
_bZ83 2002
090 0 4 _aPL248.E98
_bZ83 2002
100 1 _aEyuboğlu, İsmet Zeki
245 1 0 _aÖğrenciler
_h[electronic resource] /
_cİsmet Zeki Eyuboğlu
260 _aİstanbul :
_bPencere Yayınları,
_c2002
300 _a529 p.
650 4 _aDil ve Edebiyat
650 4 _aLanguage and Literature
650 0 _aTürk anıları
650 0 _aTurkish memories
650 7 _aLITERARY COLLECTIONS / Middle Eastern
_2bisacsh
856 4 0 _uhttp://search.ebscohost.com/login.aspx?direct=true&scope=site&db=e011xww&AN=884628
999 _c9371
_d9371